Statistics for Countries That Are But Are Not.....?#2

Click here to take the quiz!

General Stats

  • This quiz has been taken 20 times
  • The average score is 6 of 10

Answer Stats

Countries that areAnswerBut not% Correct
Beginning with letter 'A'Afghanistan/AzerbaijanEnding in letter 'A'
89%
Bordered by MoldovaRomania/UkraineBordered by Montenegro
84%
Bordered by The GambiaSenegalBordered by Gabon
84%
More successful in Eurovision Song Contest than FranceSwedenMore successful than Ireland
74%
More populated than VietnamEgyptMore populated than Philippines
68%
With a capital city beginning with VSeychelles/LaosIn Europe
68%
More successful in Winter Olympics medal table than CanadaAustriaMore successful than Germany
42%
With a capital city beginning with JSouth SudanIn Asia
26%
More populated than Marshall IslandsDominicaMore populated than Andorra
16%
Larger than PeruMongoliaLarger than Iran
16%

Score Distribution

Percentile by Number Answered

Percent of People with Each Score

Your Score History

You have not taken this quiz